书目信息 |
| 题名: |
周信芳唱腔选
|
|
| 作者: | 许锦文 编 | |
| 分册: | ||
| 出版信息: | 上海 上海文艺出版社 1979 |
|
| 页数: | 95页 | |
| 开本: | 19cm | |
| 丛书名: | ||
| 单 册: | ||
| 中图分类: | J642.41 | |
| 科图分类: | ||
| 主题词: | 京剧-周信芳-唱腔--选集 , 唱腔-京剧-周信芳--选集 | |
| 电子资源: | ||
| ISBN: | ||
| 000 | 00672nam0 2200241 45 | |
| 001 | 0179002449 | |
| 005 | 20060802090249.01 | |
| 010 | @dCNY0.35 | |
| 091 | @aCN@b8078.3141 | |
| 100 | @a19950724d1979 em y0chiy0121 ea | |
| 101 | 0 | @achi |
| 102 | @aCN@b310000 | |
| 105 | @af z 000yy | |
| 200 | 10 | @a周信芳唱腔选@Azhou xin fang chang qiang xuan@e京剧@f许锦文编 |
| 210 | @a上海@c上海文艺出版社@d1979 | |
| 215 | @a95页@c照片@d19cm | |
| 600 | 0 | @a周信芳@x京剧@x唱腔@x选集 |
| 606 | @a京剧-周信芳-唱腔@x选集 | |
| 606 | @a唱腔-京剧-周信芳@x选集 | |
| 690 | @aJ642.41@v3 | |
| 701 | 0 | @a许锦文@Axu jin wen@4编 |
| 801 | 0 | @aCN@bTSSF@c20060802 |
| 905 | @a10447@dJ642.41@e181 | |
| 周信芳唱腔选:京剧/许锦文编.-上海:上海文艺出版社,1979 |
| 95页:照片;19cm |
| ISBN :CNY0.35 |
| ● |
| 相关链接 |
|
|
|
|
正题名:周信芳唱腔选
索取号:J642.41/181
 
预约/预借
| 序号 | 登录号 | 条形码 | 馆藏地/架位号 | 状态 | 备注 |
| 1 | 0444193 | 204441933 | 密集书库/ [索取号:J642.41/181] | 在馆 | |
| 2 | 0467005 | 204670052 | 密集书库/ [索取号:J642.41/181] | 在馆 |